A Minecraft Movie: Mobs by Picture - Statistics

General Stats
  • This quiz has been taken 153 times
    152 since last reset
  • The average score is 21 of 40
Answer Stats
Picture Hint Answer % Correct
Bee
98%
Cat
98%
Chicken
93%
CHICKEN JOCKEY
92%
Cow
91%
Creeper
91%
Chained Ghast
90%
Unused Cave Spider
82%
Cod
80%
Enderman
79%
Parrot
67%
Iron Golem
66%
Pig
66%
Llama
65%
Mooshroom
64%
Sheep
64%
Zombie
63%
Wolf
62%
Spider
61%
Hoglin
60%
Salmon
60%
Skeleton
60%
Evoker
59%
Pillager
52%
Vex
49%
Piglin
48%
Hoglin Jockey
37%
Netherite Hoglin
33%
Hammer brute
32%
General Chungus
30%
Netherite Hoglin Jockey
30%
Great Hog
21%
Drum Piglin
18%
Pickaxe Piglin
13%
Spear Piglin
10%
Payloads
9%
Torch Piglin
9%
Unused Seeker
7%
Wilbur Brute
5%
Snowball Piglin Brute
4%
No matching quizzes found
Score Distribution
Percent of People with Each Score
Percentile by Number Answered
Your Score History
You have not taken this quiz since the last reset